00423pab a2200145 454500008004000000100001600040245006900056260000900125300001300134362001200147650004300159650002000202650001200222773004300234180718b2012 xxu||||| |||| 00| 0 eng d aSingh, S.P. aBihar the land of resistance, rebellions and revolts (1757-1857) c2012 ap.75-90. aJul-Dec aRevolutionary movements- India - Bihar aBihar - History aHistory aJournal of Social and Economic Studies